|
|
|
|
| LEADER |
01370nam a2200289 u 4500 |
| 001 |
10030501 |
| 003 |
upatras |
| 005 |
20240402121139.0 |
| 008 |
991011s1987 uk eng d |
| 020 |
|
|
|a 0124910807
|
| 040 |
|
|
|a GR-PaULI
|c GR-PaULI
|b gre
|e AACR2
|
| 082 |
0 |
4 |
|a 551.116
|2 23
|
| 245 |
1 |
0 |
|a Mantle metasomatism
|c edited by M. A. Menzies, C. J. Hawkesworth
|
| 260 |
|
|
|a London
|b Academic Press
|c 1987
|
| 300 |
|
|
|a xix, 472 σ. ;
|b εικ. ;
|c 24 εκ.
|
| 490 |
1 |
|
|a Academic press geology series / Academic press
|
| 650 |
|
4 |
|a Γη
|x Εσωτερική δομή
|9 90941
|
| 650 |
|
4 |
|a Γη
|x Μανδύας
|9 90940
|
| 700 |
1 |
|
|a Menzies, M. A.
|9 153934
|
| 700 |
1 |
|
|a Hawkesworth, C. J.
|9 153935
|
| 830 |
|
0 |
|9 202869
|a Academic press geology series (Academic press)
|
| 942 |
|
|
|2 ddc
|c BK
|
| 952 |
|
|
|0 0
|1 0
|2 ddc
|4 0
|6 551_116000000000000_MAN
|7 0
|9 199629
|a LISP
|b LISP
|c BSC
|d 2016-04-24
|i 051626
|l 1
|o 551.116 MAN
|p 025000068283
|r 2024-04-01 00:00:00
|s 2024-03-04
|t 1
|w 2016-04-24
|y BK15
|
| 952 |
|
|
|0 0
|1 0
|4 0
|6 551_116000000000000_M
|7 0
|9 199630
|a LISP
|b LISP
|c BSC
|d 2016-04-24
|i 051625
|l 1
|o 551.116 M
|p 025000068284
|r 2022-01-13 00:00:00
|s 2021-12-09
|t 3
|w 2016-04-24
|y BK15
|
| 952 |
|
|
|0 0
|1 0
|4 0
|6 551_116000000000000_M
|7 0
|9 199631
|a CHEM
|b CHEM
|d 2016-04-24
|i 051627
|l 0
|o 551.116 M
|p 025000068282
|r 2016-04-24 00:00:00
|t 2
|w 2016-04-24
|y BK15
|
| 998 |
|
|
|c ΗΛΙΟΠΟΥΛΟΥ
|d 1999-10
|
| 999 |
|
|
|c 122398
|d 122398
|